000 00656nam a2200253Ia 4500
003 OSt
005 20221005092723.0
006 a|||||r|||| 00| 0
007 ta
008 221004b |||||||| |||| 00| 0 eng d
024 _a36676
037 _cTextual
040 _aCRL
_cCRL
_beng
041 _2eng
_aeng
082 _aNQ596wK06, M8
100 _aMee Charles L
245 0 _aRembrandt's potrait
_b A biography
260 _aNew York
_bSimon and schuster USA
_c1988
300 _a336p
_ccm.
650 _a ARTS
650 _aPAINTING
_934359
942 _hNQ596wK06, M8
_cTEXL
_2cc
999 _c999283
_d999283